header

Coding theory (Record no. 109015)

MARC details
000 -LEADER
fixed length control field 01281nam a2200337Ia 4500
082 04 - DEWEY DECIMAL CLASSIFICATION NUMBER
Classification number 003/.54
100 1# - MAIN ENTRY--AUTHOR NAME
Personal name Ling, San,
245 10 - TITLE STATEMENT
Title Coding theory
260 ## - PUBLICATION, DISTRIBUTION, ETC. (IMPRINT)
Place of publication Cambridge, UK ;
-- New York :
Name of publisher Cambridge University Press,
Year of publication 2004.
300 ## - PHYSICAL DESCRIPTION
Number of Pages xii, 222 p.
650 #0 - SUBJECT ADDED ENTRY--TOPICAL TERM
Topical Term Coding theory.
Topical Term Data compression (Telecommunication)
700 1# - ADDED ENTRY--PERSONAL NAME
Personal name Xing, Chaoping,
856 40 - ELECTRONIC LOCATION AND ACCESS
Uniform Resource Identifier http://site.ebrary.com/lib/rucke/Doc?id=10124695

No items available.

© 2026 Rongo University
Contact us: librarian | system librarian | Rongo university